ბათუმის შოთა რუსთაველის სახელმწიფო უნივერსიტეტის ბიბლიოთეკა

Экспериментальное исследование процессов теплообмена. (ბიბ.ჩანაწერი № 46864)

000 -LEADER
fixed length control field 00768nam a2200217Ia 4500
001 - CONTROL NUMBER
control field 13716
003 - CONTROL NUMBER IDENTIFIER
control field GE_BSU
008 - FIXED-LENGTH DATA ELEMENTS--GENERAL INFORMATION
fixed length control field 181216s||||||||xx |||||||||||||| ||und||
040 ## - CATALOGING SOURCE
Transcribing agency GE_BSU
080 ## - UNIVERSAL DECIMAL CLASSIFICATION NUMBER
Universal Decimal Classification number 621.1+536.2(075.8)
100 ## - MAIN ENTRY--PERSONAL NAME
Personal name Осипова,В.А.
245 ## - TITLE STATEMENT
Title Экспериментальное исследование процессов теплообмена.
245 ## - TITLE STATEMENT
Statement of responsibility, etc. Под ред.М.П.Вукаловича. Ред. И.В.Волобуева.
250 ## - EDITION STATEMENT
Edition statement 2-е изд. перераб. и доп.
260 ## - PUBLICATION, DISTRIBUTION, ETC.
Place of publication, distribution, etc. М.
260 ## - PUBLICATION, DISTRIBUTION, ETC.
Name of publisher, distributor, etc. Энергия.
260 ## - PUBLICATION, DISTRIBUTION, ETC.
Date of publication, distribution, etc. 1969.
300 ## - PHYSICAL DESCRIPTION
Extent 392 стр. 20 см. с илл.
653 ## - INDEX TERM--UNCONTROLLED
Uncontrolled term Экспериментальное исследование процессов теплообмена.
942 ## - ADDED ENTRY ELEMENTS (KOHA)
Koha item type წიგნი
ეგზემპლარები
Withdrawn status Lost status Damaged status Not for loan Date acquired Barcode Date last seen Price effective from Koha item type
        2018-12-17 10606 2018-12-17 2018-12-17 წიგნი
        2018-12-17 10607 2018-12-17 2018-12-17 წიგნი